000 00267nam a22001217a 4500
008 181031b xxu||||| |||| 00| 0 eng d
041 _aeng
080 _a316
100 _a50
101 _asoc
245 _aThe High Of Road Humanity
_cDonald.P
942 _2udc
_cBK
999 _c51257
_d51257